[Event "POL-chT U20 1st League"]
[Site "Suchedniow"]
[Date "2016.07.31"]
[Round "9.11"]
[White "Stebel, Agata"]
[Black "Kalinowska, Karolina"]
[Result "1/2-1/2"]
[WhiteElo "1791"]
[BlackElo "1544"]
[PlyCount "145"]
[EventDate "2016.07.23"]
[EventType "team-tourn"]
[EventRounds "9"]
[EventCountry "POL"]
[SourceTitle "EXT 2019"]
[Source "ChessBase"]
[SourceDate "2018.10.10"]
[SourceVersion "1"]
[SourceVersionDate "2018.10.10"]
[SourceQuality "1"]

1. d4 d5 2. c4 e6 3. Nc3 Nf6 4. cxd5 exd5 5. Bg5 c6 6. Qc2 Bd6 7. e3 0-0 8. Bd3 Nbd7 9. Bxh7+ Kh8 10. Bd3 Qc7 11. Nf3 Re8 12. 0-0 Ng4 13. h3 Nh2 14. Nxh2 Bxh2+ 15. Kh1 Bd6 16. Qd1 Nf8 17. e4 Bf4 18. Qh5+ Kg8 19. Bh4 Re6 20. Bg5 Bxg5 21. Qxg5 Rh6 22. Qe3 dxe4 23. Bxe4 Bd7 24. Rfd1 Re8 25. Qg3 Qc8 26. Kg1 Nh7 27. d5 Nf6 28. dxc6 Bxc6 29. Bxc6 Qxc6 30. Rd3 Rg6 31. Qf3 Qb6 32. Rad1 Nh7 33. Rd7 Ng5 34. Qh5 Nh7 35. Nd5 Qc6 36. Qf5 Nf6 37. Nxf6+ Rxf6 38. Qd5 Qb6 39. Qd4 Qxd4 40. R1xd4 Re1+ 41. Kh2 Rxf2 42. b3 Ree2 43. Rg4 Rxa2 44. Rxb7 g6 45. h4 Rf5 46. Kh3 Ra3 47. Rc4 Raa5 48. Rcc7 Rab5 49. Rxf7 Rxb3+ 50. Rxb3 Rxf7 51. Ra3 Kg7 52. Ra6 Rb7 53. g3 Kf7 54. Kg4 Rb4+ 55. Kg5 Rb5+ 56. Kf4 Rb4+ 57. Ke5 Rb5+ 58. Ke4 Rb4+ 59. Kd5 Rb3 60. Rxa7+ Kg8 61. g4 Rb4 62. g5 Rxh4 63. Ke6 Rb4 64. Rd7 Rb5 65. Rd5 Rb3 66. Kf6 Rb6+ 67. Ke7 Rb7+ 68. Rd7 Rb5 69. Kf6 Rb6+ 70. Ke5 Rb5+ 71. Rd5 Rb3 72. Rd4 Rb5+ 73. Rd5 1/2-1/2

[Event "POL-ch U16 Girls"]
[Site "Szklarska Poreba"]
[Date "2016.03.19"]
[Round "8"]
[White "Kindler, Karolina"]
[Black "Kalinowska, Karolina"]
[Result "1-0"]
[WhiteElo "1597"]
[BlackElo "1571"]
[PlyCount "81"]
[EventDate "2016.03.13"]
[EventType "swiss"]
[EventRounds "9"]
[EventCountry "POL"]
[SourceTitle "EXT 2018"]
[Source "ChessBase"]
[SourceDate "2017.10.13"]
[SourceVersion "1"]
[SourceVersionDate "2017.10.13"]
[SourceQuality "1"]

1. d4 d5 2. Nf3 Nf6 3. e3 e6 4. c4 Be7 5. Nc3 0-0 6. Bd3 c6 7. 0-0 Nbd7 8. b3 b6 9. Bb2 Bb7 10. cxd5 exd5 11. Rc1 Rc8 12. Ne2 Ne4 13. Qc2 Ndf6 14. Nh4 Re8 15. Nf5 Bf8 16. Neg3 Qd7 17. Qe2 Rc7 18. f3 Nd6 19. Nxd6 Qxd6 20. e4 Qd8 21. e5 Nd7 22. f4 Bc8 23. Qh5 g6 24. Qf3 Qe7 25. f5 Nb8 26. Qg4 Bh6 27. Rce1 Qg5 28. Qh3 Bf8 29. Bc1 Qe7 30. Qg4 Kh8 31. Bg5 Qb4 32. Bf6+ Bg7 33. Nh5 Bxf6 34. Nxf6 Qf8 35. Qh4 h6 36. Nxe8 Qxe8 37. Qxh6+ Kg8 38. fxg6 fxg6 39. Bxg6 Qd8 40. e6 Re7 41. Bf7+ 1-0

[Event "POL-ch U16 Girls"]
[Site "Szklarska Poreba"]
[Date "2016.03.17"]
[Round "6"]
[White "Kalinowska, Karolina"]
[Black "Szelag, Zuzanna"]
[Result "1-0"]
[WhiteElo "1571"]
[BlackElo "1688"]
[PlyCount "101"]
[EventDate "2016.03.13"]
[EventType "swiss"]
[EventRounds "9"]
[EventCountry "POL"]
[SourceTitle "EXT 2018"]
[Source "ChessBase"]
[SourceDate "2017.10.13"]
[SourceVersion "1"]
[SourceVersionDate "2017.10.13"]
[SourceQuality "1"]

1. e4 c5 2. Nf3 Nc6 3. d4 cxd4 4. Nxd4 g6 5. Nc3 Bg7 6. Be3 Nf6 7. Bc4 0-0 8. Bb3 a5 9. 0-0 d6 10. h3 Nxd4 11. Bxd4 Bd7 12. a4 Bc6 13. Re1 Rc8 14. Qd3 Nd7 15. Bxg7 Kxg7 16. Nd5 Nc5 17. Qg3 Nxb3 18. Qxb3 Bxd5 19. exd5 Qc7 20. Re2 Rfe8 21. Rae1 Qd7 22. Re4 Rc5 23. R1e2 Qc7 24. Qd3 Kg8 25. c4 Qd7 26. b3 Qf5 27. Qe3 Rc7 28. Qb6 Qd7 29. Qxa5 Rc5 30. Qe1 Rc7 31. R2e3 Qd8 32. h4 h5 33. Qe2 Qd7 34. Rg3 Kh7 35. Rg5 Kh6 36. Qe3 Kh7 37. Qf3 e5 38. g4 hxg4 39. Rexg4 Rg8 40. h5 Qe8 41. Qf6 Rg7 42. h6 Rg8 43. Qxd6 Re7 44. Qf6 Qd7 45. Re4 Ree8 46. Kg2 Qc7 47. Rgxe5 Rxe5 48. Rxe5 Qd7 49. Kg3 Kxh6 50. Re7 Qd8 51. Qxf7 1-0

[Event "POL-ch U16 Girls"]
[Site "Szklarska Poreba"]
[Date "2016.03.16"]
[Round "5"]
[White "Kalinowska, Karolina"]
[Black "Karykowska, Anna"]
[Result "1/2-1/2"]
[WhiteElo "1571"]
[BlackElo "1832"]
[PlyCount "81"]
[EventDate "2016.03.13"]
[EventType "swiss"]
[EventRounds "9"]
[EventCountry "POL"]
[SourceTitle "EXT 2018"]
[Source "ChessBase"]
[SourceDate "2017.10.13"]
[SourceVersion "1"]
[SourceVersionDate "2017.10.13"]
[SourceQuality "1"]

1. e4 c5 2. Nf3 e6 3. d4 cxd4 4. Nxd4 Nc6 5. Nc3 a6 6. Be3 Nf6 7. Bd3 Be7 8. 0-0 d6 9. Kh1 0-0 10. f4 Qc7 11. Qf3 Nxd4 12. Bxd4 e5 13. fxe5 dxe5 14. Qg3 Ng4 15. Nd5 Qd6 16. Bc3 Qd8 17. Nxe7+ Qxe7 18. h3 Nf6 19. Qxe5 Qxe5 20. Bxe5 Nd7 21. Bd6 Re8 22. Bc4 Nf6 23. e5 Be6 24. Bxe6 Rxe6 25. Rad1 Ne4 26. Kg1 Nxd6 27. Rxd6 Rxd6 28. exd6 Rd8 29. Re1 Kf8 30. Re7 b5 31. Ra7 Rxd6 32. Kf1 Re6 33. Kf2 g6 34. Rc7 Re7 35. Rc8+ Kg7 36. c4 bxc4 37. Rxc4 Re6 38. b4 h5 39. Kf3 f5 40. Rc5 Kf6 41. Ra5 1/2-1/2

[Event "POL-ch U16 Girls"]
[Site "Karpacz"]
[Date "2015.??.??"]
[Round "2"]
[White "Jurkiewicz, Zuzanna"]
[Black "Kalinowska, Karolina"]
[Result "1-0"]
[WhiteElo "1438"]
[BlackElo "1649"]
[PlyCount "109"]
[EventDate "2015.03.??"]
[EventType "swiss"]
[EventRounds "9"]
[EventCountry "POL"]
[SourceTitle "EXT 2017"]
[Source "ChessBase"]
[SourceDate "2016.10.25"]
[SourceVersion "1"]
[SourceVersionDate "2016.10.25"]
[SourceQuality "1"]

1. e4 e6 2. d4 d5 3. e5 c5 4. c3 Nc6 5. Nf3 Bd7 6. a3 f6 7. Bd3 Nh6 8. 0-0 Nf7 9. Re1 cxd4 10. cxd4 Be7 11. Nc3 0-0 12. Qc2 h6 13. Bh7+ Kh8 14. Bg6 Ng5 15. Bxg5 fxg5 16. Bh5 Qb6 17. Rad1 Rf4 18. Ne2 Rff8 19. h3 Rac8 20. Qb1 Na5 21. Nd2 Ba4 22. Rc1 Nb3 23. Nxb3 Bxb3 24. Bg4 Rxc1 25. Rxc1 Bc4 26. Rd1 Bd8 27. Nc3 Bb3 28. Rd2 Qc6 29. Qg6 Ba5 30. Qxe6 Qxe6 31. Bxe6 Re8 32. Bf7 Rc8 33. Re2 Bxc3 34. bxc3 Rc7 35. e6 Re7 36. Rb2 Ba4 37. Kf1 b6 38. g3 Be8 39. Bxe8 Rxe8 40. Re2 g6 41. Re5 Rd8 42. Rxd5 Re8 43. Re5 Kg7 44. d5 Kf6 45. Re4 Ke7 46. c4 Rd8 47. Ke2 b5 48. Kd3 Rd6 49. Kd4 bxc4 50. Kxc4 Ra6 51. Kc5 Rxa3 52. d6+ Ke8 53. Rb4 Kf8 54. Rb8+ Kg7 55. e7 1-0

[Event "POL-ch U16 Girls"]
[Site "Karpacz"]
[Date "2015.??.??"]
[Round "1"]
[White "Kalinowska, Karolina"]
[Black "Borkowska, Zuzanna"]
[Result "1/2-1/2"]
[WhiteElo "1649"]
[BlackElo "1387"]
[PlyCount "100"]
[EventDate "2015.03.??"]
[EventType "swiss"]
[EventRounds "9"]
[EventCountry "POL"]
[SourceTitle "EXT 2017"]
[Source "ChessBase"]
[SourceDate "2016.10.25"]
[SourceVersion "1"]
[SourceVersionDate "2016.10.25"]
[SourceQuality "1"]

1. e4 c5 2. Nf3 Nc6 3. d4 cxd4 4. Nxd4 g6 5. Nc3 Bg7 6. Be3 Nf6 7. Bc4 0-0 8. Bb3 Na5 9. 0-0 Nxb3 10. axb3 d5 11. exd5 Nxd5 12. Nxd5 Qxd5 13. Nf3 Qxd1 14. Rfxd1 Bxb2 15. Rxa7 Rxa7 16. Bxa7 Bf5 17. c4 Ra8 18. Bd4 Bxd4 19. Nxd4 Rd8 20. Rd2 e5 21. Nf3 Rxd2 22. Nxd2 f6 23. f3 Kf7 24. Kf2 Ke7 25. Ke3 Kd6 26. b4 Be6 27. Ne4+ Ke7 28. c5 f5 29. Nc3 g5 30. g3 h6 31. Kd3 Kf6 32. Ke3 h5 33. h4 f4+ 34. Kf2 g4 35. Ne4+ Ke7 36. Nc3 Bc4 37. Ne4 Ke6 38. Nc3 Kf5 39. Ne4 Bd5 40. Nd2 gxf3 41. Nxf3 Bxf3 42. Kxf3 e4+ 43. Kf2 f3 44. b5 Kg4 45. c6 bxc6 46. bxc6 e3+ 47. Kxe3 Kxg3 48. c7 f2 49. c8Q f1Q 50. Qc7+ Kxh4 1/2-1/2

[Event "POL-ch U16 Girls"]
[Site "Karpacz"]
[Date "2015.??.??"]
[Round "4"]
[White "Walkowiak, Bogumila"]
[Black "Kalinowska, Karolina"]
[Result "1/2-1/2"]
[WhiteElo "1313"]
[BlackElo "1649"]
[PlyCount "103"]
[EventDate "2015.03.??"]
[EventType "swiss"]
[EventRounds "9"]
[EventCountry "POL"]
[SourceTitle "EXT 2017"]
[Source "ChessBase"]
[SourceDate "2016.10.25"]
[SourceVersion "1"]
[SourceVersionDate "2016.10.25"]
[SourceQuality "1"]

1. e4 e6 2. d4 d5 3. exd5 exd5 4. Bd3 Nc6 5. c3 Bd6 6. Ne2 Qh4 7. Ng3 Bg4 8. Qc2 Nge7 9. Be3 0-0-0 10. Nd2 Rdf8 11. Nf5 Nxf5 12. Bxf5+ Kb8 13. g3 Qh3 14. Bxg4 Qxg4 15. Qd1 Qh3 16. Qf3 Qe6 17. 0-0-0 f5 18. Rde1 Qf7 19. Bf4 Bxf4 20. Qxf4 g6 21. Nf3 Re8 22. Kd2 Qd7 23. Rxe8+ Rxe8 24. Re1 a6 25. Ne5 Qd6 26. Nxc6+ Qxc6 27. Rxe8+ Qxe8 28. Qe5 Qb5 29. b3 Qf1 30. Qe2 Qb1 31. Ke3 Qc1+ 32. Qd2 Qh1 33. f3 Qf1 34. Qe2 Qc1+ 35. Qd2 Qa3 36. Ke2 c6 37. Qf4+ Ka7 38. Qd2 Kb8 39. Qf4+ Kc8 40. Qd2 Kd7 41. Kd3 Qe7 42. Qe3 Qxe3+ 43. Kxe3 Ke6 44. h4 h6 45. Kd3 b6 46. b4 Kd6 47. a4 g5 48. hxg5 hxg5 49. g4 f4 50. Kc2 Kc7 51. Kb3 Kd6 52. Kc2 1/2-1/2

[Event "POL Olympiad U14 Girls"]
[Site "Spala"]
[Date "2014.12.30"]
[Round "6.11"]
[White "Ossolinska, Matylda"]
[Black "Kalinowska, Karolina"]
[Result "0-1"]
[WhiteElo "1426"]
[BlackElo "1537"]
[PlyCount "120"]
[EventDate "2014.04.06"]
[EventType "swiss"]
[EventRounds "9"]
[EventCountry "POL"]
[SourceTitle "EXT 2023"]
[Source "ChessBase"]
[SourceDate "2022.10.05"]
[SourceVersion "1"]
[SourceVersionDate "2022.10.05"]
[SourceQuality "1"]

1. e4 e6 2. d4 d5 3. exd5 exd5 4. Bd3 Nc6 5. c3 Bd6 6. Qf3 Nf6 7. h3 h6 8. Ne2 Be6 9. Bf4 0-0 10. 0-0 Re8 11. Nd2 Bxf4 12. Qxf4 Qd7 13. Ng3 Rad8 14. Rfe1 Qd6 15. Qxd6 Rxd6 16. Re3 Rd7 17. Rae1 a6 18. Nf3 Rde7 19. Ne5 Nxe5 20. Rxe5 Nd7 21. R5e3 Kf8 22. Nh5 Nb6 23. b3 c6 24. g4 Nc8 25. f4 Bd7 26. Kf2 Rxe3 27. Rxe3 Rxe3 28. Kxe3 Nd6 29. a4 a5 30. Ng3 b6 31. f5 Bc8 32. Ne2 Ke7 33. Nf4 Bb7 34. Nh5 Ne8 35. b4 Bc8 36. Kd2 Kf8 37. Kc2 Nd6 38. bxa5 bxa5 39. Kb3 Bb7 40. Ng3 Ke7 41. c4 Ba6 42. c5 Bxd3 43. cxd6+ Kxd6 44. Kc3 Bc4 45. Nh5 g6 46. fxg6 fxg6 47. Nf4 g5 48. Nd3 Bxd3 49. Kxd3 c5 50. dxc5+ Kxc5 51. Kc3 d4+ 52. Kd3 Kd5 53. Kd2 Ke4 54. Ke2 d3+ 55. Kd2 Kd4 56. Kd1 Ke3 57. Ke1 d2+ 58. Kd1 Kd3 59. h4 gxh4 60. g5 h3 0-1

[Event "POL Olympiad U14 Girls"]
[Site "Spala"]
[Date "2014.12.30"]
[Round "4.21"]
[White "Szelag, Zuzanna"]
[Black "Kalinowska, Karolina"]
[Result "0-1"]
[WhiteElo "1534"]
[BlackElo "1537"]
[PlyCount "86"]
[EventDate "2014.04.06"]
[EventType "swiss"]
[EventRounds "9"]
[EventCountry "POL"]
[SourceTitle "EXT 2023"]
[Source "ChessBase"]
[SourceDate "2022.10.05"]
[SourceVersion "1"]
[SourceVersionDate "2022.10.05"]
[SourceQuality "1"]

1. e4 e6 2. d4 d5 3. Nd2 Nf6 4. e5 Nfd7 5. c3 c5 6. Bd3 Nc6 7. Ne2 Qb6 8. Nf3 cxd4 9. cxd4 f6 10. exf6 Nxf6 11. 0-0 Bd6 12. Nc3 0-0 13. Re1 Bd7 14. Bg5 h6 15. Bh4 Kh8 16. a3 Nxd4 17. Ne5 Bxe5 18. Rxe5 Qxb2 19. Bxf6 Rxf6 20. Qe1 Raf8 21. Ra2 Qb3 22. Bb1 Rc8 23. Re3 Qc4 24. Qd2 Qc5 25. Qd3 Kg8 26. Qh7+ Kf7 27. Rg3 Rg8 28. Bg6+ Kf8 29. Bh5 Qe7 30. Rd2 Nb5 31. Ne2 g5 32. Qd3 Nd6 33. Rf3 Ne4 34. Rc2 Be8 35. Rc8 Kg7 36. Qd4 Bb5 37. Rxf6 Qxf6 38. Rc7+ Kh8 39. f3 Qxd4+ 40. Nxd4 Nd6 41. Rd7 Nc4 42. Nxe6 Re8 43. Nd4 Re3 0-1

[Event "POL-chT U19 45th"]
[Site "Maslow Pierwszy"]
[Date "2014.08.02"]
[Round "9"]
[White "Kalinowska, Karolina"]
[Black "Sliwicka, Alicja"]
[Result "1/2-1/2"]
[WhiteElo "1515"]
[BlackElo "1850"]
[PlyCount "87"]
[EventDate "2014.07.25"]
[EventType "team-tourn"]
[EventRounds "9"]
[EventCountry "POL"]
[SourceTitle "EXT 2015"]
[Source "ChessBase"]
[SourceDate "2014.11.20"]
[SourceVersion "1"]
[SourceVersionDate "2014.11.20"]
[SourceQuality "1"]
[WhiteTeam "Wroclaw KS Polonia U19"]
[BlackTeam "Katowice Hetman Szopienice U19"]
[WhiteTeamCountry "POL"]
[BlackTeamCountry "POL"]

1. e4 c5 2. Nf3 e6 3. d4 cxd4 4. Nxd4 a6 5. Bd3 Nf6 6. 0-0 d6 7. Be3 Nbd7 8. Nc3 Qc7 9. f4 Be7 10. Nf3 0-0 11. Qe1 Nc5 12. Qg3 b5 13. e5 Ne8 14. Bxc5 Qxc5+ 15. Kh1 d5 16. Ng5 g6 17. Qh4 h5 18. Rf3 Kg7 19. Raf1 Rh8 20. Rh3 Ra7 21. Qg3 Bxg5 22. Qxg5 Qe7 23. Qg3 Rc7 24. f5 exf5 25. Nxd5 h4 26. Qe3 Qe6 27. Nxc7 Nxc7 28. Qg5 Qxe5 29. Rxh4 Ne6 30. Qe7 Rxh4 31. Qxh4 Bb7 32. Qg3 f4 33. Qg4 f5 34. Qe2 Qd6 35. Re1 Kf6 36. Qf2 Qc6 37. Qe2 Qd6 38. Qf2 Ng5 39. Qh4 Qc6 40. Qf2 Kf7 41. Qe2 Qd7 42. Rf1 Qd6 43. Re1 Qd7 44. Rf1 1/2-1/2

[Event "POL-chT U19 45th"]
[Site "Maslow Pierwszy"]
[Date "2014.07.30"]
[Round "6"]
[White "Cieslak, Wiktoria"]
[Black "Kalinowska, Karolina"]
[Result "1-0"]
[WhiteElo "1609"]
[BlackElo "1515"]
[PlyCount "107"]
[EventDate "2014.07.25"]
[EventType "team-tourn"]
[EventRounds "9"]
[EventCountry "POL"]
[SourceTitle "EXT 2015"]
[Source "ChessBase"]
[SourceDate "2014.11.20"]
[SourceVersion "1"]
[SourceVersionDate "2014.11.20"]
[SourceQuality "1"]
[WhiteTeam "Rybnik MKSz U19"]
[BlackTeam "Wroclaw KS Polonia U19"]
[WhiteTeamCountry "POL"]
[BlackTeamCountry "POL"]

1. e4 e6 2. d4 d5 3. Nd2 Nf6 4. e5 Nfd7 5. Bd3 c5 6. c3 Nc6 7. Ne2 cxd4 8. cxd4 f6 9. exf6 Nxf6 10. Nf3 Bd6 11. Bf4 Bxf4 12. Nxf4 0-0 13. 0-0 Ne4 14. Qc1 Qd6 15. Ne2 Bd7 16. Qe3 Nf6 17. h3 Nb4 18. Ne5 Nxd3 19. Qxd3 Be8 20. Ng3 Qb6 21. Rfe1 Nd7 22. Nf3 Bg6 23. Qe3 Rae8 24. Re2 Qc6 25. Rc1 Qd6 26. Rce1 Nb6 27. b3 Nd7 28. Qg5 Nf6 29. Ne5 Bf7 30. Nxf7 Kxf7 31. Nh5 Nxh5 32. Qxh5+ Kg8 33. Qg4 Rf6 34. Re5 Rg6 35. Qf3 Rf8 36. Qe2 Re8 37. f4 Rf6 38. f5 Re7 39. fxe6 Rf4 40. Qe3 Rf6 41. g4 Rf8 42. Kg2 Qa6 43. Rxd5 Qxa2+ 44. Re2 Qb1 45. Re5 Qf1+ 46. Kg3 Rf6 47. d5 Rh6 48. Kh2 Qd1 49. Qc5 Re8 50. d6 Qxb3 51. R5e3 Qa4 52. d7 Qf4+ 53. Kg2 Rf8 54. Qxf8+ 1-0

[Event "POL-chT U19 45th"]
[Site "Maslow Pierwszy"]
[Date "2014.07.29"]
[Round "5"]
[White "Kalinowska, Karolina"]
[Black "Swiech, Joanna"]
[Result "0-1"]
[WhiteElo "1515"]
[BlackElo "1623"]
[PlyCount "96"]
[EventDate "2014.07.25"]
[EventType "team-tourn"]
[EventRounds "9"]
[EventCountry "POL"]
[SourceTitle "EXT 2015"]
[Source "ChessBase"]
[SourceDate "2014.11.20"]
[SourceVersion "1"]
[SourceVersionDate "2014.11.20"]
[SourceQuality "1"]
[WhiteTeam "Wroclaw KS Polonia U19"]
[BlackTeam "Czarna LKSz GCKiP U19"]
[WhiteTeamCountry "POL"]
[BlackTeamCountry "POL"]

1. e4 d5 2. exd5 Nf6 3. d4 Nxd5 4. c4 Nb6 5. Nc3 g6 6. d5 Bg7 7. Nf3 c6 8. dxc6 Qxd1+ 9. Nxd1 Nxc6 10. Be2 Be6 11. Ne3 Na5 12. Nd5 Nxd5 13. cxd5 Bxd5 14. 0-0 0-0 15. Rd1 Rfd8 16. Bg5 Kf8 17. Rd2 Be6 18. Rad1 Rxd2 19. Rxd2 Nc6 20. b3 Rd8 21. Rc2 Bf5 22. Rc4 Bb1 23. Ra4 Rd5 24. Be3 a6 25. Nd2 Bd3 26. Bf3 Rd6 27. Nc4 Bxc4 28. Rxc4 f5 29. Kf1 Kf7 30. Rh4 h5 31. Ra4 e5 32. Rc4 e4 33. Be2 b5 34. Rc5 Bd4 35. Bxd4 Nxd4 36. Rc7+ Kf6 37. Rc8 Rc6 38. Rxc6+ Nxc6 39. Ke1 Nd4 40. Bf1 Ke5 41. Kd2 f4 42. h3 a5 43. g3 g5 44. gxf4+ gxf4 45. Bg2 b4 46. Bf1 Nf3+ 47. Kc2 h4 48. Bg2 Ne1+ 0-1

[Event "Wroclaw op 9th"]
[Site "Wroclaw"]
[Date "2014.07.04"]
[Round "8"]
[White "Kalinowska, Karolina"]
[Black "Molenda, Mikolaj"]
[Result "1/2-1/2"]
[WhiteElo "1515"]
[BlackElo "1410"]
[PlyCount "157"]
[EventDate "2014.06.29"]
[EventType "swiss"]
[EventRounds "9"]
[EventCountry "POL"]
[SourceTitle "EXT 2015"]
[Source "ChessBase"]
[SourceDate "2014.11.20"]
[SourceVersion "1"]
[SourceVersionDate "2014.11.20"]
[SourceQuality "1"]

1. e4 e5 2. Nf3 Nc6 3. Bc4 Bc5 4. c3 Nf6 5. d3 d6 6. Bb3 0-0 7. 0-0 h6 8. Nbd2 Bb6 9. h3 Be6 10. Re1 Qd7 11. Nf1 Rad8 12. Be3 Ne7 13. Qd2 Ng6 14. Rad1 c6 15. Ng3 Qc7 16. Qc1 d5 17. exd5 Bxd5 18. Bxd5 Nxd5 19. Bxb6 Nxb6 20. Nf5 Rfe8 21. Re4 Nd5 22. Nh2 Nf6 23. Re3 Nd5 24. Rg3 Ndf4 25. Qc2 Qa5 26. a3 e4 27. dxe4 Rxd1+ 28. Qxd1 Rxe4 29. Ne3 Qb6 30. Qc2 Re6 31. Nf3 c5 32. Rg4 Qc6 33. Kh2 Nd5 34. Nf5 Rf6 35. N3h4 Qc7+ 36. Kg1 Qe5 37. Qe4 Qxe4 38. Rxe4 Nxh4 39. Nxh4 Re6 40. Rxe6 fxe6 41. Ng6 Nb6 42. Nf4 Kf7 43. Nd3 Na4 44. b3 Nxc3 45. Nxc5 b6 46. Nd3 Nb5 47. a4 Nd4 48. b4 Kf6 49. Kf1 Nc6 50. Ke2 e5 51. Kd2 e4 52. b5 Ne5 53. Nb4 Kf5 54. Kc3 g5 55. Nd5 g4 56. Ne3+ Kf4 57. Nd5+ Kg5 58. Kd4 Nd3 59. Kxe4 Nxf2+ 60. Ke3 gxh3 61. gxh3 Nxh3 62. Nb4 Nf4 63. Nc6 Ne6 64. Nxa7 Nc5 65. Nc8 Nxa4 66. Nd6 h5 67. Ne4+ Kh6 68. Kf4 Nb2 69. Kg3 Nd3 70. Kh4 Nf4 71. Kg3 Ne6 72. Kh4 Kg6 73. Ng3 Nf4 74. Ne4 Ng2+ 75. Kg3 Ne3 76. Kh4 Nf5+ 77. Kh3 Kh6 78. Nf6 Kg5 79. Nd5 1/2-1/2

[Event "Wroclaw op 9th"]
[Site "Wroclaw"]
[Date "2014.07.01"]
[Round "5"]
[White "Rostolis, Riccardo"]
[Black "Kalinowska, Karolina"]
[Result "1-0"]
[WhiteElo "1870"]
[BlackElo "1515"]
[PlyCount "69"]
[EventDate "2014.06.29"]
[EventType "swiss"]
[EventRounds "9"]
[EventCountry "POL"]
[SourceTitle "EXT 2015"]
[Source "ChessBase"]
[SourceDate "2014.11.20"]
[SourceVersion "1"]
[SourceVersionDate "2014.11.20"]
[SourceQuality "1"]

1. e4 e6 2. d4 d5 3. Nc3 Nf6 4. e5 Nfd7 5. f4 c5 6. Nf3 Nc6 7. Be3 Qb6 8. Na4 Qa5+ 9. c3 Be7 10. Nxc5 0-0 11. Nxd7 Bxd7 12. Bd3 f6 13. 0-0 Qb6 14. b4 Rac8 15. Rc1 Be8 16. a4 Bh5 17. Qe1 fxe5 18. dxe5 Qc7 19. Nd4 Nxd4 20. Bxd4 a6 21. Qe3 Bf7 22. f5 exf5 23. Bxf5 Rcd8 24. Bb6 Qc6 25. Bxd8 Bxd8 26. a5 b6 27. e6 Bg6 28. Bxg6 hxg6 29. Rxf8+ Kxf8 30. Rf1+ Ke8 31. e7 Bxe7 32. Re1 Qc7 33. axb6 Qd7 34. Qxe7+ Qxe7 35. Rxe7+ 1-0

[Event "Wroclaw op 9th"]
[Site "Wroclaw"]
[Date "2014.06.30"]
[Round "4"]
[White "Kalinowska, Karolina"]
[Black "Knap, Jerzy"]
[Result "1-0"]
[WhiteElo "1515"]
[BlackElo "1709"]
[PlyCount "129"]
[EventDate "2014.06.29"]
[EventType "swiss"]
[EventRounds "9"]
[EventCountry "POL"]
[SourceTitle "EXT 2015"]
[Source "ChessBase"]
[SourceDate "2014.11.20"]
[SourceVersion "1"]
[SourceVersionDate "2014.11.20"]
[SourceQuality "1"]

1. e4 e6 2. d4 d5 3. Nd2 c5 4. c3 Nc6 5. Ngf3 Nf6 6. e5 Nd7 7. Bd3 Qb6 8. Qb3 Qxb3 9. axb3 cxd4 10. cxd4 Nb4 11. Bb1 Be7 12. 0-0 0-0 13. Rd1 f6 14. h3 fxe5 15. Nxe5 Nxe5 16. dxe5 Bd7 17. Nf3 Bc5 18. Bd2 Bb5 19. Rc1 b6 20. Be1 a5 21. Ng5 g6 22. Nxe6 Rfc8 23. Nxc5 Rxc5 24. Rxc5 bxc5 25. Bxb4 cxb4 26. Bc2 Kf7 27. Re1 Ke6 28. Bd1 Bd3 29. Bg4+ Bf5 30. Bf3 Rc8 31. Rd1 Be4 32. Bg4+ Bf5 33. Bf3 Rc5 34. Re1 Rc2 35. Ra1 Rc5 36. Re1 d4 37. Bb7 Rxe5 38. Bc8+ Kd6 39. Rxe5 Kxe5 40. Bxf5 Kxf5 41. Kf1 Ke4 42. Ke2 h6 43. Kd2 g5 44. Ke2 h5 45. Kd2 g4 46. hxg4 hxg4 47. Ke2 Kf4 48. Kd3 Ke5 49. f3 gxf3 50. gxf3 Kf4 51. Kxd4 Kxf3 52. Kc4 Ke3 53. Kb5 Kd4 54. Kxa5 Kc5 55. Ka4 Kc6 56. Kxb4 Kb6 57. Kc4 Kc6 58. b4 Kb6 59. b5 Kc7 60. Kc5 Kb7 61. b6 Kb8 62. Kc6 Kc8 63. b7+ Kb8 64. b3 Ka7 65. Kc7 1-0

[Event "POL Olympiad U14"]
[Site "Walbrzych"]
[Date "2013.??.??"]
[Round "9.18"]
[White "Kalinowska, Karolina"]
[Black "Kruszewska, Justyna"]
[Result "1-0"]
[WhiteElo "1504"]
[BlackElo "1350"]
[PlyCount "55"]
[EventDate "2013.04.??"]
[EventType "team-swiss"]
[EventRounds "9"]
[EventCountry "POL"]
[SourceTitle "EXT 2014"]
[Source "ChessBase"]
[SourceDate "2013.11.20"]
[SourceVersion "1"]
[SourceVersionDate "2013.11.20"]
[SourceQuality "1"]

1. e4 e5 2. Nf3 Nc6 3. Bc4 Bc5 4. c3 Nf6 5. d3 d6 6. Bb3 a6 7. 0-0 Ba7 8. Nbd2 0-0 9. h3 h6 10. Re1 Be6 11. Nf1 Re8 12. Ng3 Qd7 13. Bxe6 fxe6 14. d4 exd4 15. cxd4 e5 16. dxe5 Nxe5 17. Nxe5 Rxe5 18. Qb3+ Kh8 19. Qxb7 Ree8 20. Qb3 d5 21. e5 Ne4 22. Nxe4 Rxe5 23. Bxh6 dxe4 24. Be3 Rb5 25. Qc2 Bxe3 26. Rxe3 Rab8 27. b3 Rg5 28. Qxe4 1-0

[Event "POL-chT U19 2nd League"]
[Site "Borowice"]
[Date "2012.07.28"]
[Round "10"]
[White "Kalinowska, Karolina"]
[Black "Bialowas, Inga"]
[Result "0-1"]
[WhiteElo "1505"]
[BlackElo "1624"]
[PlyCount "70"]
[EventDate "2012.07.21"]
[EventType "team-swiss"]
[EventRounds "11"]
[EventCountry "POL"]
[SourceTitle "EXT 2014"]
[Source "ChessBase"]
[SourceDate "2013.11.20"]
[SourceVersion "1"]
[SourceVersionDate "2013.11.20"]
[SourceQuality "1"]
[WhiteTeam "Wroclaw KS Polonia U19"]
[BlackTeam "Brzozow UKS SP 1 U19"]
[WhiteTeamCountry "POL"]
[BlackTeamCountry "POL"]

1. g3 d5 2. Bg2 e5 3. c4 d4 4. Nf3 Nc6 5. d3 f5 6. Nbd2 Nf6 7. Nb3 Bd6 8. 0-0 Qe7 9. Qc2 Nb4 10. Qd1 0-0 11. Bd2 a5 12. Nxa5 Rxa5 13. a3 Nc6 14. Bxa5 Nxa5 15. b4 e4 16. Nxd4 Be5 17. Nxf5 Bxf5 18. d4 Bxd4 19. Qxd4 Nb3 20. Qc3 Nxa1 21. Rxa1 c5 22. b5 Rd8 23. a4 Qd6 24. Qc2 Qe5 25. Qa2 Rd2 26. Qa3 Rxe2 27. Rd1 Ng4 28. Rd5 Re1+ 29. Bf1 Ne3 30. fxe3 Bh3 31. Kf2 Rxf1+ 32. Ke2 Qf6 33. Kd2 Qf2+ 34. Kc3 Qxe3+ 35. Kb2 Rf2+ 0-1

[Event "POL-chT U19 2nd League"]
[Site "Borowice"]
[Date "2012.07.26"]
[Round "8"]
[White "Kalinowska, Karolina"]
[Black "Wasik, Justyna"]
[Result "0-1"]
[WhiteElo "1505"]
[BlackElo "1388"]
[PlyCount "110"]
[EventDate "2012.07.21"]
[EventType "team-swiss"]
[EventRounds "11"]
[EventCountry "POL"]
[SourceTitle "EXT 2014"]
[Source "ChessBase"]
[SourceDate "2013.11.20"]
[SourceVersion "1"]
[SourceVersionDate "2013.11.20"]
[SourceQuality "1"]
[WhiteTeam "Wroclaw KS Polonia U19"]
[BlackTeam "Rzeszow RzKSz U19"]
[WhiteTeamCountry "POL"]
[BlackTeamCountry "POL"]

1. e4 c5 2. Nf3 g6 3. d4 cxd4 4. Nxd4 Nf6 5. f3 Bg7 6. c4 d6 7. Nc3 Nc6 8. Be3 Qb6 9. Qd2 Nxe4 10. Nxe4 Bxd4 11. Bxd4 Qxd4 12. Qe2 Bf5 13. Rd1 Qe5 14. Rd5 Qe6 15. a3 0-0 16. Qe3 Bxe4 17. fxe4 f5 18. Be2 Qxe4 19. Qxe4 fxe4 20. c5 Rad8 21. Bc4 Kg7 22. cxd6 exd6 23. Rd1 Ne7 24. Bd5 Nxd5 25. Rxd5 Rf5 26. Rd4 d5 27. Ke2 Kf6 28. Rc1 Rd7 29. Rcd1 Ke6 30. Ke3 Rc7 31. R4d2 Rc4 32. Ke2 Kd6 33. Rd4 Rxd4 34. Rxd4 Ke5 35. Rb4 b6 36. Ra4 Rf7 37. Rb4 d4 38. Rb5+ Ke6 39. Rb4 Rd7 40. Kd2 Ke5 41. Rb5+ Rd5 42. Rb4 h5 43. Rc4 Rc5 44. Rb4 g5 45. Rb3 d3 46. Kd1 Kd4 47. Rb4+ Rc4 48. Rb5 Rc5 49. Rb4+ Ke5 50. Ra4 a5 51. b3 e3 52. h4 g4 53. g3 e2+ 54. Kd2 Rc2+ 55. Ke1 Rc1+ 0-1